Datum a čas kvízu
14
Celkem bodů
Celkový počet nahraných bodů na tomto kvízu bez doplňovacích otázek.
6.
Pořadí na kvízu
Konečné umístění týmu na tomto kvízu.
Zaznamenané odpovědi
| # | Otázka | Odpověď | Body | Výsledky |
|---|---|---|---|---|
| 1. | Minulý týden navštívil Českou... | Mike Pompeo | 1 | |
| 2. | Prezident jednoho z afrických... | Namibie | 0 | |
| 3. | Společnost Disney přejmenovala... | 20th Century Fox (Television) | 0 | |
| 4. | V úterý oslavil sedmdesáté nar... | Steve Wozniak | 1 | |
| 5. | Brankář pražské Sparty přispěl... | Matěj Machovský | 1 | |
| 6. | Nedávno jsme se zabývali různý... | Belgie, Francie, Nizozemsko | 0.5 | |
| 7. | Dne 24. července roku 1177 uza... | Fridrich I. Barbarossa (Rudovous) | 0 | |
| 8. | Dalším špičatým letopočtem v n... | Vladislav Jagellonský | 0 | |
| 9. | Dostáváme se do novověku, konk... | Anna Stuartovna | 0 | |
| 10. | Dne 30. dubna 1777 se narodil... | Carl Friedrich Gauss | 0 |